LEADER 00790nam0-2200265 --450 001 9910858598203321 005 20240607170940.0 100 $a20240607d1957----kmuy0itay5050 ba 101 0 $afre 102 $aFR 105 $a 001yy 200 1 $aDictionnaire des produits chimiques commerciaux et des drogues industrielles$fpar A. Chaplet 205 $a5. ed. 210 $aParis$cDunod$d1957 215 $aVIII, 564 p.$d22 cm 610 0 $aDroghe 676 $a377$v20$zita 700 1$aChaplet,$bAuguste$01739617 801 0$aIT$bUNINA$gREICAT$2UNIMARC 901 $aBK 912 $a9910858598203321 952 $aA MIC 1917$b8738/2024$fFAGBC 959 $aFAGBC 996 $aDictionnaire des produits chimiques commerciaux et des drogues industrielles$94163750 997 $aUNINA